| 000 | 00408 a2200097 4500 | ||
|---|---|---|---|
| 245 | 0 | 0 |
_aPrzyrządy półprzewodnikowe - Przyrządy dyskretne Diody sygnałowe (z włączeniem diod przełączających ) i diody stabilizujące Zmiana 1 PN-89/T-01203/A1 / _cM P i Handlu. |
| 246 | 1 | 3 | _aPN-89/T-01203/A1 |
| 246 | 1 | 3 | _a621.38.049.77:621.385.2 |
| 260 |
_aWarszawa : _bM P i Handlu, _c1993. |
||
| 300 |
_a4 stron ; _c30 cm. |
||
| 650 | _aPolska norma | ||
| 999 |
_c21342 _d21342 |
||